000 00412nam a2200157Ia 4500
008 210716s2006 xx 000 0 und d
020 _a9780849337581
041 _aeng
082 _a004.22 SHIS
100 _aShiva, Sajjan G.
245 _aAdvanced computer architectures.
250 _a1
260 _aNew Delhi
_bAne Books India
_c2006
300 _axiv,335
650 _aComputer Architecture/Organization
999 _c189171
_d189171